000 00492nam a2200181Ia 4500
001 23784
005 20260414151000.0
008 260414t1996||||xx |||||||||||||| ||spa||
041 _aESP
082 _a709.03946
_bC89
100 _aCriado Mainar, Jesús
_eAUT
245 0 _aLas artes plásticas del segundo renacimiento en Aragón :
_bpintura y escultura 1540-1580
260 _c1996
300 _a867 páginas :
_c24 cm.
650 _aABD
654 _aCAU
942 _cLIB
_dJUS
_fJUS
_2ddc
_n
999 _c23784
_d23784